000
00246nam a22001097a 4500
999
_c
64914
_d
64911
082
_a
297.562 K H U
100
_a
حضرت امام خمینی
245
_a
تحریر الوسلییۃ
260
_a
ایران
300
_a
۶۵۱
942
_c
BK